Responses for Show #2513 - Wednesday, July 5, 1995

Isaac Segal game 2.

Contestants

[<< previous game]

Dan Schay, a theater producer and director from Philadelphia, Pennsylvania

Nancy Robertson, a director of administration from Portola Valley, California

Isaac Segal, an advertising creative director from Cherry Hill, New Jersey (whose 1-day cash winnings total $10,001)

[next game >>]

Jeopardy! Round responses

LIFE SCIENCE
TELEVISION
HOLIDAYS & OBSERVANCES
1994
SEWING
VOCABULARY
    $100 1
(Isaac: Taste, uh, LIFE SCIENCE for $200.)
(Alex: You almost got tongue-tied there.)

the tongue

Isaac
    $100 21
the Jacksons

Nancy
    $100 16
Halloween

Nancy
    $100 11
an earthquake

Isaac
    $100 26
a needle

Isaac
    $100 6
turnpike

Isaac
    $200 2
gold

Nancy
    $200 22
Ozzie & Harriet

Isaac
    $200 17
Alaska

Isaac
    $200 12
baseball

Isaac
    $200 27
cotton

Isaac
    $200 7
Marines

Isaac
    $300 3
malaria

Isaac
    $300 23
Three's Company

Nancy
    $300 18
Easter

Nancy
    $300 13
the United Nations

Isaac
    $300 28
quilting

Nancy
    $300 8
roe

Dan
    $400 4
MSG

Isaac
    $400 24
George C. Scott

Dan
    $400 19
Tombstone

Isaac
    $400 14
the World Cup

Isaac
    $400 29
a pattern

Nancy
    $400 9
lox

Isaac
    $500 5
sickle-cell anemia

Nancy
    $500 25
Orson

Dan
    $500 20
(Isaac: What is "poinsetta"? [*].)

Poinsettia

Isaac
    $1,000 15
(Isaac: What is, uh, 1994 for $500, please?)
(Alex: "What is"? It's the Daily Double, that's "what is"!)

(2 of) Jimmy Carter, Colin Powell, & Senator Sam Nunn

Isaac
    $500 30
a sampler

Triple Stumper
    $500 10
a faucet

Dan

Scores at the first commercial break (after clue 15):

Isaac Nancy Dan
$3,500 $700 $800

Scores at the end of the Jeopardy! Round:

Isaac Nancy Dan
$5,100 $2,200 $1,700

Double Jeopardy! Round responses

POLITICIANS
EUROPE
DANCE
SCULPTURE
WORLD HISTORY
ALL ABOUT AUTHORS
    $200 1
(Barry) Goldwater

Dan
    $200 16
Czechoslovakia

Isaac
    $200 26
Romeo and Juliet

Nancy
    $200 21
a lion

Nancy
    $200 6
China

Isaac
    $200 11
Herman Melville

Isaac
    $400 2
Tip O'Neill

Isaac
    $400 17
Monte Carlo

Dan
    $400 30
water

Triple Stumper
    $400 22
Remington

Isaac
    $400 7
South Africa

Isaac
    $400 12
(Nancy: Who is Elizabeth?)
(Alex: Elizabeth? Be more specific.)
(Nancy: Who is...oh...[*]?)
[The time expiry signal sounds just as Nancy gets out her response.]
(Alex: Sorry.)
[Dan's podium lights up, but the light instantly goes out again without Alex recognizing him.]
(Alex: Let's go to Dan or Isaac. Isaac?)
(Isaac: Who is [*]?)
(Alex: That is correct, of course, but I don't think we're going to be able to award you some points, because we have a problem here. Nancy, as you know, time ran out on you before you were able to be specific and come up with [*]. The Queen is also called "Elizabeth" and we wanted you to--we wanted to be sure that you knew which was which. But, after I ruled against you, Dan's light came on very, very briefly. I didn't notice it at first, but it did come on, and we deprived him of a--of an opportunity to respond. And so, Isaac, we are not going to credit you with the correct response, but we will continue. You have control of the board; you make the selection.)

the Queen Mother

Nancy
Triple Stumper
    $600 3
(Dan) Rostenkowski

Nancy
    $600 18
Sweden

Isaac
    $600 29
France

Dan
    $600 23
terra cotta

Isaac
    $600 8
Poland

Dan
    $600 13
the Brothers Grimm

Nancy
    $800 4
Edmund Muskie

Isaac
    $800 19
Portugal

Dan
    $800 28
the waltz

Nancy
    $1,500 24
(Isaac: What is plaster of Paris?)

wax

Isaac
    $2,500 9
Pakistan

Dan
    $800 14
Martin Cruz Smith

Dan
    $1000 5
(Woodrow) Wilson

Isaac
    $1000 20
(Isaac: What is Leipzig?)
(Nancy: What is Dreiden--Dresden?)

Hamburg

IsaacNancy
Triple Stumper
    $1000 27
flamenco

Nancy
    $1000 25
Florence

Nancy
    $1000 10
William of Orange

Dan
    $1000 15
(Richard) Condon

Isaac

Scores at the end of the Double Jeopardy! Round:

Isaac Nancy Dan
$8,400 $5,200 $8,600

[wagering suggestions for these scores]

Final Jeopardy! Round responses

LITERARY OPERAS
(Alex: [*], yes. The Prisoner of Edinburgh, The Talisman.)
NancyWho is
$0
IsaacWho is Scott?
$8,399
DanWho is Hugo?
$8,600
Sir Walter Scott

Final scores:

Isaac Nancy Dan
$16,799 $5,200 $0
2-day champion: $26,800 + Jeopardy! Sports Edition video game + Jeopardy! '92 home game 2nd place: a trip to the Pennsylvania Poconos+ Jeopardy! Sports Edition video game + Jeopardy! '92 home game 3rd place: a Sanyo 31" TV + Jeopardy! Sports Edition video game + Jeopardy! '92 home game

Game dynamics:

Coryat scores:

Isaac Nancy Dan
$9,400 $5,200 $6,900
28 R
(including 1 DD),
2 W
(including 1 DD)
15 R,
2 W
12 R
(including 1 DD),
0 W

Combined Coryat: $21,500

[game clues] [game scores] [suggest correction]

Game tape date: 1995-02-15
The J! Archive is created by fans, for fans. Scraping, republication, monetization, and malicious use prohibited; this site may use cookies and collect identifying information. See terms. The Jeopardy! game show and all elements thereof, including but not limited to copyright and trademark thereto, are the property of Jeopardy Productions, Inc. and are protected under law. This website is not affiliated with, sponsored by, or operated by Jeopardy Productions, Inc. Join the discussion at JBoard.tv.